[Event "Qatar Masters Open 2015"]
[Site "Doha QAT"]
[Date "2015.12.24"]
[Round "5"]
[White "Akopian, Vladimir"]
[Black "Kosteniuk, Alexandra"]
[Result "1/2-1/2"]
[WhiteElo "2648"]
[BlackElo "2542"]
[PlyCount "102"]
[EventDate "2015.12.20"]

1. e4 c5 2. Nf3 Nc6 3. Bb5 Nf6 4. Nc3 g6 5. Bxc6 bxc6 6. O-O Bg7 7. d3 O-O 8.
Be3 d6 9. Qd2 Rb8 10. Rab1 Ng4 11. Bg5 h6 12. Bh4 g5 13. Bg3 e5 14. a3 Nf6 15.
b4 cxb4 16. axb4 Bg4 17. d4 Bxf3 18. gxf3 Nd7 19. Ne2 f5 20. exf5 Rxf5 21. Rb3
exd4 22. Nxd4 Rd5 23. Rd3 Bxd4 24. c4 Bxf2+ 25. Rxf2 Rxd3 26. Qxd3 Qf6 27. Qxd6
Qxd6 28. Bxd6 Rb7 29. Re2 Nb6 30. Re4 Kf7 31. Kf2 Rd7 32. Bc5 Rd2+ 33. Ke3 Rxh2
34. Re7+ Kf6 35. Kd3 Na4 36. Bd6 Nb2+ 37. Kc3 Nd1+ 38. Kd4 Rh4+ 39. Kc5 Nb2 40.
Kxc6 Nxc4 41. Bc5 Ne5+ 42. Kb5 Nxf3 43. Rxa7 Re4 44. Kc6 Re6+ 45. Kd5 Re5+ 46.
Kd6 Re1 47. b5 Rd1+ 48. Kc7 Rc1 49. Kd6 Rd1+ 50. Kc7 Rc1 51. Kd6 Rd1+ 1/2-1/2

[Event "Qatar Masters Open 2015"]
[Site "Doha QAT"]
[Date "2015.12.24"]
[Round "5"]
[White "Vogel, Roven"]
[Black "Wei, Yi"]
[Result "0-1"]
[WhiteElo "2439"]
[BlackElo "2730"]
[PlyCount "34"]
[EventDate "2015.12.20"]

1. Nf3 c5 2. c4 Nc6 3. Nc3 g6 4. g3 Bg7 5. Bg2 e6 6. O-O Nge7 7. b3 d5 8. cxd5
exd5 9. Bb2 d4 10. Na4 b6 11. a3 O-O 12. b4 Ba6 13. d3 cxb4 14. axb4 Nxb4 15.
Qb3 Nbc6 16. Rfc1 Bb7 17. Nc5 bxc5 0-1

[Event "Al Ain Classic Open 2015"]
[Site "Al-Ain UAE"]
[Date "2015.12.23"]
[Round "1"]
[White "Hesham, Abdelrahman"]
[Black "Kryvoruchko, Yuriy"]
[Result "0-1"]
[WhiteElo "2398"]
[BlackElo "2711"]
[PlyCount "70"]
[EventDate "2015.12.23"]

1. d4 Nf6 2. c4 e6 3. Nf3 b6 4. g3 Bb7 5. Bg2 Bb4+ 6. Nbd2 c5 7. d5 exd5 8. a3
Bxd2+ 9. Nxd2 O-O 10. Nb1 b5 11. cxd5 d6 12. Nc3 b4 13. axb4 cxb4 14. Ne4 Nxe4
15. Bxe4 Nd7 16. O-O Re8 17. Bg2 Nc5 18. b3 Qf6 19. Ra2 a5 20. Bb2 Qg6 21. Bd4
Rec8 22. Qb1 Qxb1 23. Rxb1 Nxb3 24. Rxb3 Rc1+ 25. Bf1 Bxd5 26. Rxa5 Rxa5 27.
Rxb4 h5 28. f3 Ra2 29. Rb5 Rxe2 30. Rxd5 Ree1 31. Rxd6 Rxf1+ 32. Kg2 Rfd1 33.
Be5 Rc2+ 34. Kh3 Rxd6 35. Bxd6 Rf2 0-1

[Event "Al Ain Classic Open 2015"]
[Site "Al-Ain UAE"]
[Date "2015.12.24"]
[Round "2"]
[White "Kryvoruchko, Yuriy"]
[Black "Bajarani, Ulvi"]
[Result "0-1"]
[WhiteElo "2711"]
[BlackElo "2551"]
[PlyCount "94"]
[EventDate "2015.12.23"]

1. e4 e6 2. d4 d5 3. Nc3 Bb4 4. e5 c5 5. a3 Bxc3+ 6. bxc3 Ne7 7. Nf3 Qc7 8. a4
b6 9. Bb5+ Bd7 10. O-O h6 11. c4 dxc4 12. dxc5 Bxb5 13. axb5 bxc5 14. Nd2 c3
15. Ne4 O-O 16. Qd6 Qxd6 17. exd6 Nd5 18. Nxc5 Rd8 19. Be3 Rxd6 20. Rfd1 Rd8
21. Ne4 Nd7 22. Bxa7 f5 23. Ng3 N7b6 24. Ne2 Nc4 25. g3 e5 26. Rdb1 Rd7 27. Bc5
Rxa1 28. Rxa1 Rc7 29. Ra8+ Kh7 30. Bf8 f4 31. gxf4 exf4 32. Rd8 f3 33. Nd4 Nf4
34. Nxf3 Rb7 35. Nd4 Ra7 36. f3 Ra1+ 37. Kf2 Rd1 38. Rd7 Rd2+ 39. Kg3 Nh5+ 40.
Kh3 Ne5 41. Re7 Ng6 42. Ne6 Nxe7 43. Bxe7 Re2 44. Nf8+ Kg8 45. Bd6 Rxc2 46. Nd7
Rb2 47. Be5 Rb3 0-1

[Event "Al Ain Classic Open 2015"]
[Site "Al-Ain UAE"]
[Date "2015.12.26"]
[Round "4"]
[White "Kryvoruchko, Yuriy"]
[Black "Riff, Jean-Noel"]
[Result "1-0"]
[WhiteElo "2711"]
[BlackElo "2507"]
[PlyCount "35"]
[EventDate "2015.12.23"]

1. e4 c5 2. Nf3 d6 3. d4 cxd4 4. Nxd4 Nf6 5. Nc3 a6 6. Bg5 Nbd7 7. Qe2 h6 8.
Bh4 g6 9. f4 e5 10. fxe5 dxe5 11. O-O-O Be7 12. Nf3 Qc7 13. Qc4 Qxc4 14. Bxc4
b5 15. Bb3 Bb7 16. Bxf6 Nxf6 17. Nxe5 Rh7 18. Rhf1 1-0

[Event "Al Ain Classic Open 2015"]
[Site "Al-Ain UAE"]
[Date "2015.12.26"]
[Round "5"]
[White "Kryvoruchko, Yuriy"]
[Black "Vaibhav, Suri"]
[Result "1-0"]
[WhiteElo "2711"]
[BlackElo "2552"]
[PlyCount "83"]
[EventDate "2015.12.23"]

1. e4 e5 2. Nf3 Nc6 3. Bb5 a6 4. Ba4 Nf6 5. O-O Be7 6. Re1 b5 7. Bb3 d6 8. c3
O-O 9. h3 Nb8 10. d4 Nbd7 11. Nbd2 Bb7 12. Bc2 Re8 13. Nf1 Bf8 14. Ng3 g6 15.
a4 Bg7 16. Bd3 d5 17. Bg5 b4 18. cxb4 h6 19. Bxf6 Qxf6 20. exd5 exd4 21. Ne4
Qd8 22. Qb3 Nb6 23. Nc5 Bxd5 24. Rxe8+ Qxe8 25. Qd1 Qc8 26. Qe2 Bb7 27. Be4
Bxe4 28. Qxe4 Qd8 29. Qd3 Qd6 30. Nxa6 c6 31. a5 Nd5 32. Qc4 Nf4 33. Nc5 Qb8
34. Ne1 Qc8 35. Ncd3 Qe6 36. Qxe6 Nxe6 37. Rc1 Ra6 38. Nf3 Bf6 39. Kf1 Kf8 40.
Nfe5 Bxe5 41. Nxe5 d3 42. Nxd3 1-0

[Event "Qatar Masters Open 2015"]
[Site "Doha QAT"]
[Date "2015.12.26"]
[Round "6"]
[White "So, Wesley"]
[Black "Carlsen, Magnus"]
[Result "1/2-1/2"]
[WhiteElo "2775"]
[BlackElo "2834"]
[PlyCount "77"]
[EventDate "2015.12.20"]

1. e4 e5 2. Nf3 Nc6 3. Bb5 a6 4. Ba4 Nf6 5. O-O Be7 6. Re1 b5 7. Bb3 O-O 8. c3
d6 9. h3 Na5 10. Bc2 c5 11. d4 Qc7 12. Nbd2 Bd7 13. Nf1 Nc4 14. b3 Nb6 15. Ne3
c4 16. Ba3 Rfe8 17. Qd2 Bf8 18. bxc4 Nxc4 19. Nxc4 bxc4 20. Rab1 Rab8 21. Rxb8
Rxb8 22. Bb4 h6 23. Rd1 a5 24. Ba3 Bc6 25. Qe2 exd4 26. Qxc4 dxc3 27. Qxc3 Rc8
28. Qd4 Bd5 29. Bb1 Be6 30. Qe3 Rb8 31. Nd4 Bd7 32. Rc1 Qb6 33. Qd2 Re8 34. Re1
a4 35. Bc2 Qb7 36. Qd3 Qc7 37. Qd2 Qb7 38. Qd3 Qc7 39. Qd2 1/2-1/2

[Event "Qatar Masters Open 2015"]
[Site "Doha QAT"]
[Date "2015.12.26"]
[Round "6"]
[White "Kramnik, Vladimir"]
[Black "Mamedyarov, Shakhriyar"]
[Result "1/2-1/2"]
[WhiteElo "2796"]
[BlackElo "2748"]
[PlyCount "60"]
[EventDate "2015.12.20"]

1. d4 Nf6 2. Nf3 g6 3. c4 Bg7 4. Nc3 d5 5. Bg5 Ne4 6. Bf4 Nxc3 7. bxc3 c5 8.
cxd5 Qxd5 9. e3 O-O 10. Be2 cxd4 11. cxd4 Qa5+ 12. Qd2 Qxd2+ 13. Kxd2 Nc6 14.
Bb5 Bd7 15. Rab1 Rfd8 16. Ke2 Bf5 17. Rb3 Be6 18. Rb2 Rac8 19. Rc1 Bd5 20. Rbc2
Be4 21. Rc5 Rd5 22. Kf1 Rcd8 23. a4 a6 24. Be2 Rxc5 25. Rxc5 e6 26. Nd2 Bd5 27.
Bc7 Rc8 28. Bb6 Bf8 29. Rc2 Ne7 30. Rxc8 Nxc8 1/2-1/2

[Event "Qatar Masters Open 2015"]
[Site "Doha QAT"]
[Date "2015.12.26"]
[Round "6"]
[White "Ganguly, Surya Shekhar"]
[Black "Giri, Anish"]
[Result "1/2-1/2"]
[WhiteElo "2648"]
[BlackElo "2784"]
[PlyCount "130"]
[EventDate "2015.12.20"]

1. e4 c5 2. Nf3 d6 3. d4 cxd4 4. Nxd4 Nf6 5. Nc3 a6 6. h3 e5 7. Nde2 h5 8. Bg5
Be6 9. Bxf6 Qxf6 10. Nd5 Qd8 11. Qd3 Nd7 12. O-O-O g6 13. Kb1 Nc5 14. Qf3 Bg7
15. Nec3 b5 16. Be2 Rb8 17. a3 Bd7 18. Qe3 a5 19. b4 Ne6 20. g3 Nd4 21. Bd3 Be6
22. f4 axb4 23. axb4 Ra8 24. f5 gxf5 25. exf5 Nxf5 26. Bxf5 Bxf5 27. g4 hxg4
28. hxg4 Rxh1 29. Rxh1 Be6 30. g5 Kf8 31. Nf6 Ra6 32. Qf3 Qc7 33. Nh7+ Ke8 34.
Nf6+ Bxf6 35. gxf6 Kd7 36. Rd1 Qa7 37. Kb2 Bc4 38. Qe4 Kc7 39. Nd5+ Kb8 40. Nc3
Kc7 41. Qf3 Qa8 42. Qe3 Qc6 43. Qg3 Ra8 44. Ra1 Rxa1 45. Kxa1 Qb6 46. Qh4 d5
47. Kb2 Qd6 48. Kc1 Qa6 49. Qg5 Kd6 50. Qg8 Qa3+ 51. Kd2 Qa7 52. Qe8 Qd7 53.
Qg8 Qb7 54. Qe8 Qd7 55. Qg8 e4 56. Qg3+ Kc6 57. Qe5 Qc7 58. Qe8+ Kb6 59. Qe7
Qf4+ 60. Kd1 Qf1+ 61. Kd2 Qf4+ 62. Kd1 e3 63. Qd8+ Ka6 64. Qa8+ Kb6 65. Qd8+
Ka6 1/2-1/2

[Event "Qatar Masters Open 2015"]
[Site "Doha QAT"]
[Date "2015.12.26"]
[Round "6"]
[White "Swiercz, Dariusz"]
[Black "Karjakin, Sergey"]
[Result "1/2-1/2"]
[WhiteElo "2646"]
[BlackElo "2766"]
[PlyCount "91"]
[EventDate "2015.12.20"]

1. d4 Nf6 2. c4 e6 3. g3 Bb4+ 4. Bd2 Be7 5. Bg2 d5 6. Nf3 O-O 7. O-O c6 8. Qc2
Nbd7 9. Rd1 b6 10. b3 Ba6 11. a4 c5 12. a5 dxc4 13. bxc4 Qc8 14. Nc3 Bxc4 15.
Bg5 b5 16. Ne5 cxd4 17. Nc6 Bc5 18. Bxf6 Nxf6 19. Nxb5 Bxb5 20. Qxc5 Bxc6 21.
Bxc6 Qc7 22. Rxd4 Rad8 23. Rc4 Nd7 24. Bxd7 Qxc5 25. Rxc5 Rxd7 26. Rac1 f5 27.
f4 Kf7 28. Kf2 Kf6 29. Rc6 Rb8 30. R1c5 Rb4 31. Re5 Re7 32. Re3 Ra4 33. a6 Rd4
34. Kf3 h5 35. h3 Ra4 36. h4 Ra5 37. Rd3 Ra4 38. Re3 Ra5 39. Rd3 Ra4 40. Rd8
Ra3+ 41. Kf2 g6 42. Rf8+ Kg7 43. Rfc8 Kf6 44. Rf8+ Kg7 45. Rfc8 Kf6 46. Rf8+
1/2-1/2

[Event "Qatar Masters Open 2015"]
[Site "Doha QAT"]
[Date "2015.12.26"]
[Round "6"]
[White "Li, Chao b"]
[Black "Yu, Yangyi"]
[Result "1/2-1/2"]
[WhiteElo "2750"]
[BlackElo "2736"]
[PlyCount "84"]
[EventDate "2015.12.20"]

1. d4 Nf6 2. c4 e6 3. Nf3 d5 4. Bg5 Bb4+ 5. Nc3 h6 6. Bxf6 Qxf6 7. e3 c5 8.
cxd5 exd5 9. Be2 O-O 10. O-O Bxc3 11. bxc3 Be6 12. Ne5 Nc6 13. Nxc6 bxc6 14.
Qa4 Bf5 15. dxc5 Rfb8 16. Qa3 Qg5 17. Rad1 Be4 18. g3 Rb7 19. Rd4 Rab8 20. Rb4
Qe5 21. Rc1 a5 22. Rb3 Qf5 23. Qb2 Rxb3 24. axb3 Bd3 25. Bxd3 Qxd3 26. b4 Rb5
27. Ra1 axb4 28. cxb4 Qe4 29. Ra4 Kh7 30. Qd4 Qc2 31. Ra1 Rb7 32. Kg2 Re7 33.
Qd1 Qe4+ 34. Qf3 Qxb4 35. Ra6 Qxc5 36. Qf5+ g6 37. Qf6 Qb4 38. Rxc6 Qe4+ 39.
Kh3 Qe5 40. Qxe5 Rxe5 41. Kg2 Kg7 42. Kf3 Re6 1/2-1/2

[Event "Qatar Masters Open 2015"]
[Site "Doha QAT"]
[Date "2015.12.26"]
[Round "6"]
[White "Fedoseev, Vladimir3"]
[Black "Harikrishna, Pentala"]
[Result "0-1"]
[WhiteElo "2664"]
[BlackElo "2743"]
[PlyCount "90"]
[EventDate "2015.12.20"]

1. Nf3 Nf6 2. c4 e6 3. d4 b6 4. g3 Ba6 5. Nbd2 Bb7 6. Bg2 Be7 7. O-O O-O 8. Nb3
a5 9. Bg5 h6 10. Bxf6 Bxf6 11. Qd3 d5 12. Rac1 Na6 13. cxd5 exd5 14. a3 Re8 15.
Bh3 c5 16. Qb5 Rb8 17. Rfe1 Nc7 18. Qxb6 Ba6 19. Qxa5 Rxb3 20. Rxc5 Ne6 21.
Qxa6 Nxc5 22. dxc5 Rxf3 23. Qb5 Bd4 24. e3 Rf6 25. Rd1 Be5 26. Bd7 Re7 27. Rxd5
Qc7 28. b4 h5 29. Qd3 g6 30. Bh3 Kg7 31. f4 Bb2 32. a4 Qb7 33. Qd2 Bc1 34. Qxc1
Qxd5 35. b5 Qb3 36. Kf2 Qxa4 37. Qb2 Qc4 38. c6 Qc5 39. Qd4 Qxb5 40. Bd7 Qa5
41. Kg2 Qd8 42. e4 Kh7 43. Qd5 Rxd7 44. cxd7 Re6 45. f5 Re7 0-1

[Event "Qatar Masters Open 2015"]
[Site "Doha QAT"]
[Date "2015.12.26"]
[Round "6"]
[White "Jakovenko, Dmitry"]
[Black "Bologan, Viktor"]
[Result "1-0"]
[WhiteElo "2737"]
[BlackElo "2654"]
[PlyCount "55"]
[EventDate "2015.12.20"]

1. d4 d5 2. c4 c6 3. Nf3 Nf6 4. Nc3 a6 5. e3 Bf5 6. Qb3 b5 7. cxd5 cxd5 8. a4
b4 9. Qxb4 Nc6 10. Qc5 Na5 11. Bxa6 Rxa6 12. Qb5+ Rc6 13. Ne5 Bd7 14. Nxd7 Nxd7
15. Bd2 Qa8 16. Nxd5 e6 17. Nf4 Ra6 18. O-O Bd6 19. d5 exd5 20. Rfd1 Nc6 21.
Bc3 Bxf4 22. exf4 O-O 23. Rxd5 Nb6 24. Rg5 g6 25. a5 Rd8 26. Re1 Nc8 27. Rd5
Rxd5 28. Re8# 1-0

[Event "Qatar Masters Open 2015"]
[Site "Doha QAT"]
[Date "2015.12.26"]
[Round "6"]
[White "Nguyen, Ngoc Truong Son"]
[Black "Vitiugov, Nikita"]
[Result "1/2-1/2"]
[WhiteElo "2642"]
[BlackElo "2724"]
[PlyCount "60"]
[EventDate "2015.12.20"]

1. d4 Nf6 2. c4 e6 3. Nf3 b6 4. g3 Bb7 5. Bg2 Be7 6. O-O O-O 7. Re1 d5 8. cxd5
exd5 9. Nc3 Ne4 10. Qc2 Nd7 11. Nxe4 dxe4 12. Ne5 Nxe5 13. dxe5 Qd5 14. Rd1
Qxe5 15. Bf4 Qc5 16. Rac1 Qxc2 17. Rxc2 Rfd8 18. Rxd8+ Bxd8 19. h4 c5 20. Rd2
Bf6 21. Rd7 Bc6 22. Rc7 Bd5 23. b3 h6 24. Rd7 Bc6 25. Rc7 Bd5 26. Rd7 Bc6 27.
Rc7 Bd5 28. Rd7 Bc6 29. Rc7 Bd5 30. Rd7 Bc6 1/2-1/2

[Event "Qatar Masters Open 2015"]
[Site "Doha QAT"]
[Date "2015.12.26"]
[Round "6"]
[White "Wojtaszek, Radoslaw"]
[Black "Sjugirov, Sanan"]
[Result "0-1"]
[WhiteElo "2723"]
[BlackElo "2646"]
[PlyCount "56"]
[EventDate "2015.12.20"]

1. d4 Nf6 2. c4 g6 3. Nf3 Bg7 4. g3 c6 5. Bg2 d5 6. O-O O-O 7. Nbd2 a5 8. b3 a4
9. Ba3 Re8 10. e3 Bf5 11. Qe2 Ne4 12. Rfc1 Nxd2 13. Qxd2 Be4 14. Qb4 Ra7 15.
bxa4 Nd7 16. cxd5 Bxd5 17. Bb2 Qa8 18. a5 Rxa5 19. a4 c5 20. dxc5 Bxb2 21. Qxb2
Nxc5 22. Rd1 b6 23. Qxb6 Rb8 24. Qc7 Ne6 25. Qxe7 Bxf3 26. Rd7 Rf8 27. Bxf3
Qxf3 28. h4 g5 0-1

[Event "Qatar Masters Open 2015"]
[Site "Doha QAT"]
[Date "2015.12.26"]
[Round "6"]
[White "Al-Sayed, Mohammed"]
[Black "Ponomariov, Ruslan"]
[Result "0-1"]
[WhiteElo "2520"]
[BlackElo "2710"]
[PlyCount "70"]
[EventDate "2015.12.20"]

1. d4 e6 2. c4 b6 3. Nc3 Bb7 4. e4 Bb4 5. Qd3 Qh4 6. e5 f6 7. a3 Qe4+ 8. Qxe4
Bxc3+ 9. bxc3 Bxe4 10. Bf4 Nc6 11. exf6 Nxf6 12. Bxc7 Rc8 13. Be5 Na5 14. f3
Bg6 15. h4 Ke7 16. g4 d6 17. Bxf6+ gxf6 18. Nh3 e5 19. c5 bxc5 20. dxe5 dxe5
21. f4 h5 22. fxe5 hxg4 23. Nf4 Be4 24. Rh2 fxe5 25. Re2 Bf3 26. Rxe5+ Kf6 27.
Rh5 g3 28. Rxh8 Rxh8 29. Bg2 Kf5 30. Bxf3 Kxf4 31. Bg2 Nc4 32. Kf1 Ne3+ 33. Kg1
Rxh4 34. a4 Rh2 35. Bc6 a5 0-1

[Event "Qatar Masters Open 2015"]
[Site "Doha QAT"]
[Date "2015.12.26"]
[Round "6"]
[White "Salem, A.R. Saleh"]
[Black "Korobov, Anton"]
[Result "0-1"]
[WhiteElo "2622"]
[BlackElo "2713"]
[PlyCount "78"]
[EventDate "2015.12.20"]

1. e4 c5 2. Nf3 e6 3. d4 cxd4 4. Nxd4 Nc6 5. Nc3 Qc7 6. Be3 Nf6 7. f4 Bb4 8.
Ndb5 Qa5 9. e5 Ne4 10. Qd3 Nxc3 11. bxc3 Be7 12. Be2 O-O 13. O-O f6 14. exf6
Bxf6 15. Rad1 d5 16. c4 Rd8 17. cxd5 exd5 18. c3 Be6 19. Nd4 Bf7 20. Bg4 Qxa2
21. Ne6 Rd6 22. Nc5 d4 23. Nxb7 Rd5 24. c4 Nb4 25. Qb1 Qxc4 26. Bd2 Nc2 27. Bf3
Rb8 28. Nd6 Qc7 29. Nxf7 Rxb1 30. Bxd5 Rxd1 31. Rxd1 Qd7 32. Bc4 Kf8 33. Rb1
Qc6 34. Rb8+ Ke7 35. Bb3 d3 36. Kh1 Qc7 37. Nd8 Qc5 38. Ne6 Qf2 39. Rb7+ Kd6
0-1

[Event "Qatar Masters Open 2015"]
[Site "Doha QAT"]
[Date "2015.12.26"]
[Round "6"]
[White "Tomashevsky, Evgeny"]
[Black "Lu, Shanglei"]
[Result "1/2-1/2"]
[WhiteElo "2744"]
[BlackElo "2618"]
[PlyCount "60"]
[EventDate "2015.12.20"]

1. d4 d5 2. c4 c6 3. Nf3 Nf6 4. Nc3 e6 5. Bg5 dxc4 6. e4 b5 7. e5 h6 8. Bh4 g5
9. Nxg5 hxg5 10. Bxg5 Be7 11. exf6 Bxf6 12. Bxf6 Qxf6 13. g3 Na6 14. Bg2 Bb7
15. Ne4 Qe7 16. O-O O-O-O 17. h4 c5 18. a4 Rxd4 19. Qe2 b4 20. Rfd1 Rhd8 21.
Rxd4 Rxd4 22. Rc1 Nb8 23. Nd2 Bxg2 24. Kxg2 Qb7+ 25. Kg1 c3 26. bxc3 bxc3 27.
Rxc3 Qd5 28. Nf1 Nd7 29. Ne3 Qe4 30. a5 Kd8 1/2-1/2

[Event "Qatar Masters Open 2015"]
[Site "Doha QAT"]
[Date "2015.12.27"]
[Round "7"]
[White "Carlsen, Magnus"]
[Black "Giri, Anish"]
[Result "1/2-1/2"]
[WhiteElo "2834"]
[BlackElo "2784"]
[PlyCount "103"]
[EventDate "2015.12.20"]

1. e4 c5 2. Nf3 d6 3. d4 Nf6 4. Nc3 cxd4 5. Nxd4 a6 6. Be2 e5 7. Nb3 Be7 8. Bg5
Be6 9. Bxf6 Bxf6 10. Qd3 Be7 11. Nd5 Nd7 12. Rd1 Bxd5 13. Qxd5 Qc7 14. Nd2 O-O
15. O-O b5 16. c3 g6 17. a3 Rab8 18. Rfe1 Rfd8 19. Qa2 Nc5 20. Bf1 Bg5 21. Nb3
Qc6 22. Na5 Qc7 23. Nb3 Qc6 24. Rd5 Nd7 25. Rd3 Nc5 26. Rf3 Rd7 27. Na5 Qa8 28.
Qd5 Qxd5 29. exd5 e4 30. Rh3 f5 31. Nc6 Rb6 32. b4 Na4 33. c4 Rc7 34. Rb3 Bd2
35. Rd1 Bg5 36. g3 Bf6 37. Rc1 Rbxc6 38. dxc6 Rxc6 39. Rbb1 Bg5 40. Rc2 d5 41.
c5 d4 42. Rd1 Bf6 43. Rcd2 Nc3 44. Rxd4 Nxd1 45. Rxd1 Bb2 46. Rd8+ Kf7 47. Ra8
Bxa3 48. Bxb5 Rc7 49. Rxa6 Bxb4 50. c6 Ke7 51. Rb6 Bd6 52. Rb7 1/2-1/2

[Event "Qatar Masters Open 2015"]
[Site "Doha QAT"]
[Date "2015.12.27"]
[Round "7"]
[White "Yu, Yangyi"]
[Black "Kramnik, Vladimir"]
[Result "1/2-1/2"]
[WhiteElo "2736"]
[BlackElo "2796"]
[PlyCount "81"]
[EventDate "2015.12.20"]

1. e4 e5 2. Nf3 Nc6 3. Bb5 Nf6 4. O-O Nxe4 5. Re1 Nd6 6. Nxe5 Be7 7. Bf1 Nxe5
8. Rxe5 O-O 9. Nc3 Ne8 10. Nd5 Bd6 11. Re1 c6 12. Ne3 Bc7 13. Nf5 d5 14. Ne7+
Kh8 15. Nxc8 Rxc8 16. d3 f5 17. Qf3 Nf6 18. Bf4 Bxf4 19. Qxf4 Qc7 20. Qxc7 Rxc7
21. d4 g6 22. Re6 Kg7 23. Rae1 Kf7 24. f3 Rd8 25. Bd3 b6 26. c3 a5 27. h3 f4
28. R6e5 Re8 29. Kf2 Rxe5 30. Rxe5 c5 31. dxc5 bxc5 32. g3 a4 33. Bb5 Rb7 34.
c4 fxg3+ 35. Kxg3 d4 36. Kf2 Nh5 37. Rxc5 Nf4 38. Kg3 Ne2+ 39. Kf2 Nf4 40. Kg3
Ne2+ 41. Kf2 1/2-1/2

[Event "Qatar Masters Open 2015"]
[Site "Doha QAT"]
[Date "2015.12.27"]
[Round "7"]
[White "Ponomariov, Ruslan"]
[Black "So, Wesley"]
[Result "1/2-1/2"]
[WhiteElo "2710"]
[BlackElo "2775"]
[PlyCount "82"]
[EventDate "2015.12.20"]

1. e4 e5 2. Nf3 Nc6 3. Bb5 Nf6 4. O-O Nxe4 5. d4 Nd6 6. Bxc6 dxc6 7. dxe5 Nf5
8. Qxd8+ Kxd8 9. Nc3 Ke8 10. h3 h5 11. Ne2 b6 12. Bg5 c5 13. Rad1 Bb7 14. Nc3
Bxf3 15. gxf3 Nd4 16. Nd5 Kd7 17. f4 Kc6 18. c4 Re8 19. Kg2 Kb7 20. Rfe1 Rg8
21. Bh4 Nf5 22. Bg3 Be7 23. Ne3 g6 24. b3 Kc8 25. Rd3 Rd8 26. Red1 Rd4 27. Nc2
Rxd3 28. Rxd3 c6 29. Kf3 Re8 30. Ke4 Ng7 31. Kf3 Nf5 32. Ke4 Ng7 33. Kf3 Rd8
34. Rxd8+ Kxd8 35. Ne3 Kd7 36. Ke4 Ke6 37. f3 Bd8 38. Be1 Be7 39. Bf2 Bd8 40.
Be1 Be7 41. Bf2 Bd8 1/2-1/2

[Event "Qatar Masters Open 2015"]
[Site "Doha QAT"]
[Date "2015.12.27"]
[Round "7"]
[White "Karjakin, Sergey"]
[Black "Ni, Hua"]
[Result "1/2-1/2"]
[WhiteElo "2766"]
[BlackElo "2693"]
[PlyCount "123"]
[EventDate "2015.12.20"]

1. d4 Nf6 2. Bf4 e6 3. e3 c5 4. Nf3 b6 5. Nc3 a6 6. d5 d6 7. dxe6 Bxe6 8. Ng5
d5 9. Nxe6 fxe6 10. g4 h6 11. Bg2 Bd6 12. Ne2 Nc6 13. c4 Ne7 14. cxd5 exd5 15.
g5 hxg5 16. Bxg5 Qd7 17. h4 Rd8 18. Qc2 Qg4 19. Bh3 Qe4 20. O-O-O Qxc2+ 21.
Kxc2 Ne4 22. Rdf1 Nxg5 23. hxg5 Kf7 24. Rd1 Bc7 25. a3 Nc6 26. Bg2 Rxh1 27.
Rxh1 Ne7 28. Rh3 Be5 29. f4 Bc7 30. Bf3 Nf5 31. Bh5+ Ke7 32. Bg6 Ke6 33. Kd3 b5
34. Bh5 c4+ 35. Kd2 d4 36. Bg4 dxe3+ 37. Kc1 g6 38. Rxe3+ Kf7 39. Rh3 Kg7 40.
Bxf5 gxf5 41. Kc2 Kg8 42. Rh6 Rd6 43. Rh5 Ba5 44. Ng3 Rd2+ 45. Kb1 Rd1+ 46. Ka2
Rd2 47. Kb1 Rd1+ 48. Kc2 Rd2+ 49. Kc1 Rg2 50. Nxf5 Bd2+ 51. Kb1 Bxf4 52. g6 Rg5
53. Ne7+ Kf8 54. Rh7 Be5 55. Rf7+ Ke8 56. Nc6 Bd6 57. Ra7 Rxg6 58. Rxa6 Bc7 59.
Ra8+ Kd7 60. Nd4 Rg5 61. Ra7 Rd5 62. Ne6 1/2-1/2

[Event "Qatar Masters Open 2015"]
[Site "Doha QAT"]
[Date "2015.12.27"]
[Round "7"]
[White "Mamedyarov, Shakhriyar"]
[Black "Ganguly, Surya Shekhar"]
[Result "1-0"]
[WhiteElo "2748"]
[BlackElo "2648"]
[PlyCount "169"]
[EventDate "2015.12.20"]

1. c4 e5 2. Nc3 Nf6 3. g3 d5 4. cxd5 Nxd5 5. Bg2 Nb6 6. e3 Nc6 7. Nge2 Qd3 8.
f4 f6 9. Be4 Qa6 10. fxe5 fxe5 11. Ng1 Nd7 12. Nd5 Bd6 13. Qh5+ Kd8 14. Nf3 Nc5
15. Qg5+ Ne7 16. Nxe7 Bxe7 17. Qxe5 Rf8 18. Rf1 Qc4 19. Bxh7 Bh3 20. Rf2 Bf6
21. Qf4 Nd3+ 22. Bxd3 Qxd3 23. g4 Qd7 24. Ne5 Qd5 25. Ng6 Qh1+ 26. Ke2 Qg1 27.
Nxf8 Bxg4+ 28. Kd3 Ke8 29. Rf1 Rd8+ 30. Kc2 Qg2 31. Nh7 Be2 32. Nxf6+ gxf6 33.
b3 Bd3+ 34. Kb2 Bxf1 35. Qxc7 Bd3 36. Ka3 Bf5 37. Bb2 Qxd2 38. Bxf6 Qd6+ 39.
Qxd6 Rxd6 40. Bd4 Ra6+ 41. Kb4 Be4 42. a4 Rh6 43. Ra2 a6 44. Rf2 Bd5 45. a5 Kd7
46. Kc3 Rc6+ 47. Kb2 Rh6 48. b4 Rh5 49. Kc3 Rh4 50. Kd3 Ke6 51. Rb2 Rh3 52. Ba7
Rh8 53. Bb6 Rh7 54. Kc3 Rh4 55. Bd8 Rc4+ 56. Kd3 Rc8 57. Bg5 Bc4+ 58. Ke4 Bd5+
59. Kd4 Rc4+ 60. Kd3 Rg4 61. Bf4 Rg1 62. b5 Rd1+ 63. Kc2 Rg1 64. Rb4 axb5 65.
Rxb5 Rg4 66. Kc3 Rh4 67. Rb6+ Kf5 68. Kd4 Bf3 69. Rb2 Rh7 70. Rb5+ Ke6 71. e4
Rd7+ 72. Ke3 Bg2 73. Rb6+ Kf7 74. h4 Re7 75. e5 Re6 76. Rb2 Bd5 77. Rd2 Bc6 78.
h5 Re8 79. h6 Ra8 80. Rh2 Kg6 81. h7 Rh8 82. Rh6+ Kg7 83. a6 Bg2 84. a7 b5 85.
e6 1-0

[Event "Qatar Masters Open 2015"]
[Site "Doha QAT"]
[Date "2015.12.27"]
[Round "7"]
[White "Harikrishna, Pentala"]
[Black "Swiercz, Dariusz"]
[Result "1/2-1/2"]
[WhiteElo "2743"]
[BlackElo "2646"]
[PlyCount "89"]
[EventDate "2015.12.20"]

1. Nf3 Nf6 2. g3 g6 3. c4 Bg7 4. Nc3 c5 5. Bg2 O-O 6. O-O d5 7. d3 Nc6 8. cxd5
Nxd5 9. Bd2 b6 10. Qb3 Nc7 11. Rac1 Bb7 12. Rfd1 Qd7 13. Qa4 Rab8 14. a3 Rfd8
15. b4 Nd4 16. Qxd7 Rxd7 17. bxc5 Bxf3 18. Bxf3 Nxf3+ 19. exf3 bxc5 20. Ne4 Ne6
21. Be3 Bd4 22. Nxc5 Bxc5 23. Bxc5 Nxc5 24. Rxc5 Rb3 25. Ra5 Rbxd3 26. Rxd3
Rxd3 27. f4 Rd7 28. h4 e6 29. Kg2 h5 30. f3 f5 31. Kf2 Kf7 32. Ra6 Kf6 33. a4
Ke7 34. Ke3 Kf6 35. a5 Ke7 36. Ke2 Kf6 37. Kf2 Kf7 38. g4 hxg4 39. fxg4 fxg4
40. Kg3 Kf6 41. Kxg4 Rc7 42. Rd6 Ke7 43. Ra6 Kf6 44. Rd6 Ke7 45. Ra6 1/2-1/2

[Event "Qatar Masters Open 2015"]
[Site "Doha QAT"]
[Date "2015.12.27"]
[Round "7"]
[White "Sjugirov, Sanan"]
[Black "Jakovenko, Dmitry"]
[Result "1-0"]
[WhiteElo "2646"]
[BlackElo "2737"]
[PlyCount "69"]
[EventDate "2015.12.20"]

1. Nf3 d5 2. g3 Bg4 3. Bg2 c6 4. O-O e6 5. h3 Bh5 6. d3 Nd7 7. e4 Bd6 8. exd5
cxd5 9. c4 Ne7 10. Nc3 O-O 11. cxd5 exd5 12. g4 Bg6 13. Nh4 Nb6 14. Bg5 Qd7 15.
a4 Rae8 16. a5 Na8 17. Nxg6 Nxg6 18. Qa4 Qe6 19. Bd2 Qe5 20. f4 Bc5+ 21. Kh1
Qb8 22. Nxd5 Bd6 23. Qd4 Rd8 24. Bc3 f6 25. g5 Ne7 26. gxf6 Nf5 27. Qc4 Rf7 28.
fxg7 Rc8 29. Nf6+ Kxg7 30. Nd7+ Kg8 31. Nxb8 Rxc4 32. dxc4 Ng3+ 33. Kg1 Ne2+
34. Kh2 Nxf4 35. Kh1 1-0

[Event "Qatar Masters Open 2015"]
[Site "Doha QAT"]
[Date "2015.12.27"]
[Round "7"]
[White "Naroditsky, Daniel"]
[Black "Li, Chao B"]
[Result "1/2-1/2"]
[WhiteElo "2628"]
[BlackElo "2750"]
[PlyCount "148"]
[EventDate "2015.12.20"]

1. d4 d5 2. c4 c6 3. Nf3 Nf6 4. Nc3 dxc4 5. a4 Bf5 6. e3 e6 7. Bxc4 Bb4 8. O-O
Nbd7 9. Qe2 Bg6 10. e4 Bxc3 11. bxc3 Nxe4 12. Ba3 Qc7 13. Rfc1 a6 14. h3 c5 15.
Ne5 Nef6 16. Nxd7 Nxd7 17. h4 Qf4 18. Re1 O-O 19. g3 Qf5 20. g4 Qc2 21. h5 Qxe2
22. Rxe2 Nb6 23. Ba2 Bd3 24. Rd2 c4 25. Bxf8 Kxf8 26. Bb1 Bxb1 27. Rxb1 Nxa4
28. Rxb7 Nxc3 29. Rc7 Ne4 30. Rb2 c3 31. Rb6 Ke8 32. Rbc6 Nf6 33. Rxc3 Rd8 34.
Rc8 Nxg4 35. Rxd8+ Kxd8 36. Rg3 Nf6 37. Rxg7 Ke7 38. h6 a5 39. Rg3 a4 40. Kf1
Nd5 41. Ke2 Kf6 42. Kd2 Ne7 43. Rg7 a3 44. Kc3 Nf5 45. Rxh7 a2 46. Kb2 Nxd4 47.
Rh8 Nf5 48. h7 Kg7 49. Rf8 Kxh7 50. Rxf7+ Kg6 51. Ra7 Kg5 52. Rxa2 Kf4 53. Kc2
Kf3 54. Kd1 e5 55. Ra8 e4 56. Rf8 Kf4 57. Ke2 Ke5 58. Kf1 Kf4 59. Kg2 Kg4 60.
Kh2 Kf4 61. Kg2 Kg4 62. Kf1 Kf4 63. Ke2 Ke5 64. Ra8 Kf4 65. Kd2 Kf3 66. Rf8 Kf4
67. Kc3 Ke5 68. Kc4 e3 69. fxe3 Nxe3+ 70. Kc5 Ke4 71. Re8+ Kd3 72. Re6 Nf5 73.
Re5 Ne3 74. Rxe3+ Kxe3 1/2-1/2